000
00178 a2200097 4500
020
_a
9780822577256
041
_a
spa
100
_a
Sally M.Walker
245
_a
La Luz
942
_c
BK
999
_c
13312
_d
13312